000 00418nam a2200145 i 4500
001 55413
003 ES-MaACL
007 t|
008 030919s1969 ag ||||1| spa d
245 0 0 _aDerecho de la integración.
260 _a[Buenos Aires] :
_bInstituto para la Integración de América Latina,
_c1969.
300 _a207 p. ;
_c28 cm.
500 _aEs el nº 4, abril, 1969.
852 _aES-MaACL
_jE-8258
_bR.92840
999 _c55413
_d55413